| 000 | 00816nam a2200241 a 4500 | ||
|---|---|---|---|
| 005 | 20240924070402.0 | ||
| 008 | 991125 20001978bue 000 0 spa u | ||
| 020 | _a8476004273 | ||
| 035 | _aUPN01000123881 | ||
| 049 | _aCG | ||
| 050 | 4 |
_aP121 _bS2.38b |
|
| 100 | 1 |
_aSaussure, Ferdinand de, _d1857-1913 _929968 |
|
| 245 | 1 | 0 |
_aCurso de lingüística general / _cFerdinand de Saussure ; ed. Charles Bally y Albert Sechehaye ; tr. y notas de Mauro Armiño. |
| 260 |
_aMadrid : _bAkal, _c2000. |
||
| 300 | _a319 p.. | ||
| 440 | 0 |
_aAkal universitaria ; _v1. _pLetras |
|
| 590 | _a(También localizas un ejemplar en el "Area de Reserva") | ||
| 590 | _aBibliografía Básica (BGTQ), 2010 | ||
| 650 | 4 |
_aFilología _915443 |
|
| 650 | 4 |
_aFILOLOGIA COMPARADA _920771 |
|
| 700 | 2 |
_aBally, Charles, _eed. |
|
| 905 | _aLibro | ||
| 999 |
_c96060 _d96060 |
||